| 000 | 00426nam a2200157 i 4500 | ||
|---|---|---|---|
| 001 | 82366 | ||
| 003 | ES-MaACL | ||
| 005 | 20230906174648.0 | ||
| 007 | t| | ||
| 008 | 041110s1970 sp ||||1| spa d | ||
| 100 | 1 |
_aIglesias Viqueira, Víctor-Manuel. _965140 |
|
| 245 | 1 | 0 |
_aPH=HP / _cVíctor-Manuel Iglesias Viqueira. |
| 260 |
_aVigo : _b[s.n., _c1970] |
||
| 300 |
_a78 p. ; _c17 cm. |
||
| 852 |
_aES-MaACL _jC-44390 _bR.75312 |
||
| 999 |
_c82366 _d82366 |
||